000 01284nam a2200289 4500
001 114566
003 DR-UNIBE
005 20260410092153.0
008 260410b dr ||||| |||| 00| 1 spa d
040 _aBIBLIOTECA UNIBE
_bspa
_cBIBLIOTECA UNIBE
_eRDA
041 _aspa
090 _aFBIU-K CI R621u
100 1 0 _aRivera, Rosanna
_9199828
_eautor
245 1 3 _aUn gatito en la ciudad colonia /
_cRosanna Rivera; ilustraciones: Moisés Feliz ; asesoría: María Teresa Ruiz de Catrain ; diseño y diagramación: María Rosa Baquero ; fotografía del autor y del gato: Luis Alberto Carbuccia ; supervisión de impresión: Luis Vidal
260 _aSanto Domingo:
_bKahKow,
_c[Fecha no identificada]
300 _a31 páginas:
_bdibujos a color
_c27 x 23 cm
500 _aComentario del autor al final de la obra
653 0 7 _aCuentos infantiles dominicanos
653 0 7 _aLiteratura infantil dominicana
653 0 7 _aGatos - Cuentos infantiles dominicanos
700 1 0 _aFeliz, Moisés
_9204162
_eilustrador
700 1 0 _aRuiz de Catrain, María Teresa
_947660
_easesor
700 1 0 _aBaquero, María Rosa
_9185144
_ediseñador
_ediagramador
700 1 0 _aCarbuccia, Luis Alberto
_9204163
_efotógrafo
700 1 0 _aVidal, Luis
_9204164
_esupervisor de impresión
942 _2ddc
_cBK
999 _c114566
_d114566